Explorateurs portugais - Mort subite - Statistiques

Statistiques générales
  • Ce quiz a été pris 242 fois
  • Le résultat moyen est 3 sur 15
Answers on the Grid
Answers color-coded by a green-red scale on the quiz's grid according to % correct below.
Fernand de Magellan
Vasco de Gama
Christophe Colomb
Jean Cabot
Amerigo Vespucci
Pedro Escobar
Pedro Álvares Cabral
Alphonso de Albuquerque
Bartolomeu Dias
Marco Polo
Manuel Pessanha
Gil Eanes
Miguel Corte-Real
Tristan da Cunha
Jorge Alvares
Vasco Núñez de Balboa
Diego Ribero
Abel Tasman
Luis Váez de Torrès
Pedro Fernandes de Queirós
Juan Sebastián Elcano
Antonio de Noli
Andrés de Urdaneta
Marcelo Rebelo de Sousa
João Fernandes Lavrador
Mario Soares
Salvador Sobral
Manuel de Oliveira
João Álvares Fagundes
Diego Maradona
 
Statistiques - réponses
Réponse % Correct
Vasco de Gama
69%
Fernand de Magellan
48%
Pedro Álvares Cabral
34%
Bartolomeu Dias
29%
Tristan da Cunha
20%
Pedro Fernandes de Queirós
16%
Alphonso de Albuquerque
15%
João Fernandes Lavrador
14%
João Álvares Fagundes
12%
Diego Maradona
3%
Jorge Alvares
3%
Miguel Corte-Real
3%
Pedro Escobar
3%
Antonio de Noli
2%
Gil Eanes
2%
Aucun quiz correspondant
Distribution des résultats
% des personnes avec chaque résultat
Percentile par nombre de réponses
Votre historique - résultats
Vous n’avez pas pris ce quiz